000 00827nam a2200169 i 4500
001 190204
003 ES-MaACL
005 20230906223651.0
008 200915s1892 cu |||| | spa d
110 2 _aComité Central de Propaganda Económica (La Habana)
_9170323
245 1 0 _aDictámen de la comisión encargada del estudio y crítica del convenio de reciprocidad comercial con los Estados Unidos
_b] : según fué aprobada por unanimidad en la sesión extraordinaria celebrada el día 11 de febrero de 1892 /
_cComité Central de Propaganda Económica.
260 _a[S.l.] :
_b[s.n.],
_c1892 (
_eHabana :
_fImp. "La Razón")
300 _a68 p. ;
_c26 cm.
651 4 _aCuba-
_xComercio exterior-
_zEstados Unidos.
_9148083
651 4 _aEstados Unidos-
_xComercio exterior-
_zCuba.
_9148084
852 _aES-MaACL
_jT-694-F-7
999 _c190204
_d190204